| 000 | 00791nam a2200241 a 4500 | ||
|---|---|---|---|
| 001 | BRCA_3898 | ||
| 005 | 20190320204451.0 | ||
| 008 | 141112s1992----mx-a######---#000-0#spa-u | ||
| 020 | _a9686745017 | ||
| 041 | _aspa | ||
| 044 | _amx | ||
| 050 | 4 |
_aF1408.3 _b.O87 1992 |
|
| 245 | 1 | 0 |
_aEl otro occidente _blos orígenes de Hispanoamérica _ceditor Julián Meza. |
| 260 |
_aMéxico _bTeléfonos de México _c1992 |
||
| 300 |
_a355 p. _bil. (algunas a color) _c30 cm. |
||
| 500 | _aColección Sonia Corcuera de Mancera | ||
| 650 | 1 | 4 |
_aIndios _xPrimer contacto con los europeos _910137 |
| 651 | 4 |
_aAmérica Latina _xCivilización _ySiglo XIV _910138 |
|
| 651 | 4 |
_aAmérica Latina _xDescubrimiento y exploración _910139 |
|
| 700 | 1 |
_aMeza, Julián _eed. _93821 |
|
| 902 | _aDSC | ||
| 942 |
_2lcc _cB |
||
| 999 |
_c3626 _d3626 |
||